000 00882nam a2200241Ia 4500
003 OSt
005 20220923221634.0
006 a|||||r|||| 00| 0
007 ta
008 220922b |||||||| |||| 00| 0 hin d
024 _a198,870
037 _cTextual
040 _aARTS
_cARTS
_bhin
041 _2hin
_ahin
082 _aP152:(V2:3), 152L9
100 _aदुबे, उदय नारायण
245 0 _aराजभाषा के सन्दर्भ में हिन्दी आन्दोलन का इतिहास
246 _aRājabhāṣhā ke sandarbha mean hindī āndolan kā itihāsa
260 _aदिल्ली
_b प्रकाशन संस्थान
_c1979
300 _a244पृ.
_ccm.
942 _hP152:(V2:3), 152L9
_cTEXL
_2CC
999 _c350676
_d350676